• 首页
  • 本馆介绍
  • 公告通知
  • 最新文献
  • 馆藏检索
  • 电子资源
  • 读者导购
  • 参考咨询
  • 我的图书馆
  • 登录
  • 详细信息显示
  • 放入我的书架
  • 预约/预借图书
  • 作者相关作品
  • 分类相关作品
  • 丛书相关作品
  • 出版社相关作品

书目信息

  • 表格格式
  • 工作单格式
  • 卡片格式
题名:
儿童趣味创意手工教程
    
 
作者: 王竹宝 主编
分册:  
出版信息: 北京   电子工业出版社  2020.11
页数: 162页
开本: 27cm
丛书名: 高参小小学拓展型课程校本教材丛书
单 册:
中图分类: J529
科图分类:
主题词: 手工艺品--制作--儿童教育--教材
电子资源:
ISBN: 978-7-121-39924-4
000 01547nam2 2200277 45
001 012001000532
005 20140818170942.0
010    @a978-7-121-39924-4@dCNY39.80
100    @a20210202d2020 em y0chiy0110 ea
101 0  @achi
102    @aCN@b110000
105    @aa z 000yy
106    @ar
200 1  @a儿童趣味创意手工教程@Aer tong qu wei chuang yi shou gong jiao cheng@f王竹宝主编
210    @a北京@c电子工业出版社@d2020.11
215    @a162页@c照片@d27cm
225 2  @a高参小小学拓展型课程校本教材丛书
314    @a王竹宝,1991年7月毕业于中央美术学院雕塑系,获学士学位。2003年9月,学习于英国肯特大学肯特艺术与设计学院,获硕士学位。
330    @a本书以培养小学生美术素养为宗旨,以动手和联想思维为核心,培养学生基本的审美思维方式和联想创造能力。本书采取实例的方式进行编写,使学生由浅入深逐步领会剪纸和折纸的形式,拓展和激发想象力。同时在选题方面贴近孩子的生活,让学生学会用联想思维方式了解身边的事物,树立正确的认知。培养学生热爱生活、热爱自然的品质。全书主要内容由三部分组成:第一部分是介绍剪纸和折纸的基本形式、特点和所用材料等;第二部分是剪纸和折纸实例,根据小学16教学周设计;第三部分是素材赏析与学习提高。全书采用实例方式安排教学活动,注重实用性和可操作性,有助于提高小学生美术素养和审美能力。本书可作为小学一至六年级课程教材,也可供剪纸和折纸爱好者学习使用。
410  0 @12001 @a高参小小学拓展型课程校本教材丛书
461  0 @12001 @a高参小小学拓展型课程校本教材丛书
606 0  @a手工艺品@x制作@x儿童教育@j教材
690    @aJ529@v5
701  0 @a王竹宝@Awang zhu bao@4主编
801    @aCN@bAHXH@c20210922
905    @b1359021-5@dJ529@e550@f5
    
    儿童趣味创意手工教程/王竹宝主编.-北京:电子工业出版社,2020.11
    162页:照片;27cm.-(高参小小学拓展型课程校本教材丛书)
    
    
    ISBN 978-7-121-39924-4:CNY39.80
    本书以培养小学生美术素养为宗旨,以动手和联想思维为核心,培养学生基本的审美思维方式和联想创造能力。本书采取实例的方式进行编写,使学生由浅入深逐步领会剪纸和折纸的形式,拓展和激发想象力。同时在选题方面贴近孩子的生活,让学生学会用联想思维方式了解身边的事物,树立正确的认知。培养学生热爱生活、热爱自然的品质。全书主要内容由三部分组成:第一部分是介绍剪纸和折纸的基本形式、特点和所用材料等;第二部分是剪纸和折纸实例,根据小学16教学周设计;第三部分是素材赏析与学习提高。全书采用实例方式安排教学活动,注重实用性和可操作性,有助于提高小学生美术素养和审美能力。本书可作为小学一至六年级课程教材,也可供剪纸和折纸爱好者学习使用。
●
相关链接 在E读中查询图书 在五车中查询图书 在当当中查询图书 在豆瓣中查询图书


正题名:儿童趣味创意手工教程     索取号:J529/550         预约/预借

序号 登录号 条形码 馆藏地/架位号 状态 备注
1 1359021   213590210   第一样本阅览室/ [索取号:J529/550] 在馆    
2 1359022   213590229   教育系资料室/ [索取号:J529/550] 在馆    
3 1359023   213590238   教育系资料室/ [索取号:J529/550] 在馆    
4 1359024   213590247   第一借阅区/ [索取号:J529/550] 在馆    
5 1359025   213590256   第一借阅区/ [索取号:J529/550] 在馆    
唐山师范学院图书馆 欢迎您!
大连网信软件有限公司© 版权所有